Prénoms : du masculin au féminin 2 (mort subite) - Statistiques

Statistiques générales
  • Ce quiz a été pris 101 fois
  • Le résultat moyen est 6 sur 12
Answers on the Grid
Answers color-coded by a green-red scale on the quiz's grid according to % correct below.
Dorian
Jason
Casimir
Herbert
Barnabé
Jonathan
Eric
Ladislas
Adhémar
Matthias
Domitien
Johan
Félicien
Ivan
Gaston
Pierre
 
Statistiques - réponses
Réponse % Correct
Dorian
87%
Félicien
79%
Eric
67%
Johan
67%
Pierre
59%
Ivan
55%
Domitien
43%
Herbert
34%
Barnabé
33%
Gaston
29%
Casimir
19%
Adhémar
14%
Aucun quiz correspondant
Distribution des résultats
% des personnes avec chaque résultat
Percentile par nombre de réponses
Votre historique - résultats
Vous n’avez pas pris ce quiz